Ils se prénomment Michel (avec indices, Mort subite) - Statistiques

Statistiques générales
  • Ce quiz a été pris 349 fois
  • Le résultat moyen est 7 sur 15
Answers on the Grid
Answers color-coded by a green-red scale on the quiz's grid according to % correct below.
Capitaine de l'équipe de France de Foot lors de la Coupe du Monde 1986
Premier Ministre de 1988 à 1991
Il incarne l'Adjudant Gerber dans la Saga des Gendarmes
Il a écrit Starmania avec Luc Plamondon
Il est surnommé "Zaza Napoli" dans La Cage aux Folles
Il est connu pour ses dialogues de films
Il est animateur télé depuis 1964
Il a chanté "Le France"
Jean-Claude Dusse
Vrai nom de Coluche
Premier Ministre éphémère en 2024
Journaliste, animateur TV, président du Paris SG de 1991 à 1998
Il a réalise "The Artist"
Président de la République de 1981 à 1995
Sélectionneur de l'équipe de France de Football lors de l'Euro 1984
Chanteur exilé aux Etats-Unis, il a montré ses fesses en 1972 sur une affiche pour promouvoir son spectacle
Meilleur joueur du monde de Rugby en 2021
Spationaute français il a été 2 fois à bord de l'ISS
Il a chanté "Les Copains d'abord"
Maire de Paris de 1977 à 1995
César du Meilleur Acteur en 1981 et 1991
Il a marqué le 3ème but de l'équipe de France en finale de la Coupe du Monde 1998
Vrai nom de Johnny Hallyday
Il a chanté "Billie Jean"
Il présente Toute le Monde veut prendre sa Place" depuis la rentrée 2024
Il a gagné Roland-Garros en 1983
Président de la République depuis 2017
Il a marqué le but de l'OM en finale de la Ligue des Champions 1993
Il a chanté "Les P'tites Femmes de Pigalle"
Il présenté "Coucou c'est Nous" et "Ciel mon Mardi" à la télévision
 
Statistiques - réponses
Réponse % Correct
Michel Colucci Vrai nom de Coluche
60%
Michel Sardou Il a chanté "Le France"
56%
Michel Drucker Il est animateur télé depuis 1964
56%
Michel Blanc Jean-Claude Dusse
55%
Michel Barnier Premier Ministre éphémère en 2024
55%
Michel Platini Capitaine de l'équipe de France de Foot lors de la Coupe du Monde 1986
44%
Michel Polnareff Chanteur exilé aux Etats-Unis, il a montré ses fesses en 1972 sur une affiche pour promouvoir son spectacle
44%
Michel Galabru Il incarne l'Adjudant Gerber dans la Saga des Gendarmes
43%
Michel Berger Il a écrit Starmania avec Luc Plamondon
41%
Michel Denisot Journaliste, animateur TV, président du Paris SG de 1991 à 1998
40%
Michel Hazanavicius Il a réalise "The Artist"
38%
Michel Serault Il est surnommé "Zaza Napoli" dans La Cage aux Folles
38%
Michel Audiard Il est connu pour ses dialogues de films
37%
Michel Hidalgo Sélectionneur de l'équipe de France de Football lors de l'Euro 1984
36%
Michel Rocard Premier Ministre de 1988 à 1991
32%
Aucun quiz correspondant
Distribution des résultats
% des personnes avec chaque résultat
Percentile par nombre de réponses
Votre historique - résultats
Vous n’avez pas pris ce quiz